Southville International School and Colleges
Your cart is empty.
  • Cart
  • Lists
    Public lists Eva Luna New books Lux_list list_1
    Your lists Log in to create your own lists
  • Log in to your account
  • Your cookies
  • Search history
Southville International School and Colleges
  • Advanced search
  • Recent comments
  • Most popular
  • Libraries

Log in to your account

Log in with GOOGLE


If you do not have an external account, but do have a local account, you can still log in:

  1. Home
  2. MARC view: Personnel psychology /
Normal view MARC view ISBD view

Personnel psychology / (Record no. 366759)

[ view plain ]
MARC details
000 -LEADER
fixed length control field 01077nam a22002297a 4500
003 - CONTROL NUMBER IDENTIFIER
control field 0
005 - DATE AND TIME OF LATEST TRANSACTION
control field 20241119091945.0
008 - FIXED-LENGTH DATA ELEMENTS--GENERAL INFORMATION
fixed length control field 241119b xxu||||| |||| 00| 0 eng d
020 ## - INTERNATIONAL STANDARD BOOK NUMBER
International Standard Book Number 9781138842229
050 ## - LIBRARY OF CONGRESS CALL NUMBER
Classification number HF 5548.8
Item number .L86 2024
100 ## - MAIN ENTRY--PERSONAL NAME
Personal name Luong, Alexandra,
Relator term author.
245 ## - TITLE STATEMENT
Title Personnel psychology /
Statement of responsibility, etc Alexandra Luong, Justin M. Sprung and Michael J. Zickar.
260 ## - PUBLICATION, DISTRIBUTION, ETC. (IMPRINT)
Place of publication, distribution, etc New York, NY :
Name of publisher, distributor, etc Routledge,
Date of publication, distribution, etc 2024.
300 ## - PHYSICAL DESCRIPTION
Extent v, 250 p. :
Other physical details ill. ;
Dimensions 26 cm.
504 ## - BIBLIOGRAPHY, ETC. NOTE
Bibliography, etc Includes bibliographical references and index.
520 ## - SUMMARY, ETC.
Summary, etc "Accessible and engaging, this textbook introduces students to the field of personnel psychology, also known as industrial psychology. Based on their years of teaching in this area, Luong, Sprung, and Zickar survey core topics in the field, including job analysis, recruitment, selection, assessment, and performance evaluation"--Provided by publisher.
650 ## - SUBJECT ADDED ENTRY--TOPICAL TERM
Topical term or geographic name as entry element Psychology, Industrial.
650 ## - SUBJECT ADDED ENTRY--TOPICAL TERM
Topical term or geographic name as entry element Personnel management.
700 ## - ADDED ENTRY--PERSONAL NAME
Personal name Sprung, Justin M.,
Relator term author.
700 ## - ADDED ENTRY--PERSONAL NAME
Personal name Zickar, Michael J.,
Relator term author.
942 ## - ADDED ENTRY ELEMENTS (KOHA)
Source of classification or shelving scheme Library of Congress Classification
Koha item type Books
Holdings
Withdrawn status Lost status Source of classification or shelving scheme Damaged status Home library Current library Shelving location Date acquired Source of acquisition Sub Shelving location Total Checkouts Full call number Barcode Date last seen Price effective from Koha item type
    Library of Congress Classification   College Library College Library Reserve Section 11/19/2024 Library Fund     HF 5548.8 .L86 2024 C24013 11/19/2024 11/19/2024 Books

Personnel psychology /

APA

Luong A., Sprung J. M. & Zickar M. J. (2024). Personnel psychology. New York, NY: Routledge.

Chicago

Luong Alexandra, Sprung Justin M and Zickar Michael J. 2024. Personnel psychology. New York, NY: Routledge.

Harvard

Luong A., Sprung J. M. and Zickar M. J. (2024). Personnel psychology. New York, NY: Routledge.

MLA

Luong Alexandra, Sprung Justin M and Zickar Michael J. Personnel psychology. New York, NY: Routledge. 2024.

  • Place hold
  • Print
  • Cite
  • Add to your cart (remove)
  • Save record
    BIBTEX Dublin Core MARCXML MARC (non-Unicode/MARC-8) MARC (Unicode/UTF-8) MARC (Unicode/UTF-8, Standard) MODS (XML) RIS
  • More searches
    Search for this title in:
    Other Libraries (WorldCat) Other Databases (Google Scholar) Online Stores (Bookfinder.com) Open Library (openlibrary.org)

Exporting to Dublin Core...

SOUTHVILLE LIBRARY

Southville International School and Colleges Library

1281 Tropical Ave. Cor. Luxembourg St., BF Homes International, Las Pinas City

Tel. No. 8256374 / 252358 Loc. 117/146

Powered by Koha